| 000 | 00525nam a22001817a 4500 | ||
|---|---|---|---|
| 003 | CEME | ||
| 005 | 20210628202241.0 | ||
| 008 | 210113b xxu||||| |||| 00| 0 eng d | ||
| 020 | _a9781118299487 | ||
| 040 | _c. | ||
| 082 | _a378.101 GME | ||
| 100 |
_aGmelch, Walter H, Buller, Jeffrey L _959010 |
||
| 245 | _aBuilding academic leadership capacity, a guide to best practices | ||
| 260 |
_aUSA _bJOSSEY BASS _c2015 |
||
| 300 | _aXIII, 240P | ||
| 650 |
_aACADEMIC LEADERSHIP CAPACITY - BUILDING _959011 |
||
| 942 |
_cBK _2ddc |
||
| 999 |
_c569067 _d569067 |
||